| Поле | Инд. | ПП | Название | Значение |
|---|---|---|---|---|
| Тип записи | a | |||
| Библиографический уровень | b | |||
| 001 | Контрольный номер | abe2cbb7a298461780a4936a873416f9 | ||
| 005 | Дата корректировки | 20210830120823.3 | ||
| 024 | 80 | a | Стандартный номер | DOI: 10.1002/jrs.5844 |
| 040 | a | Служба первич. каталог. | Web of Science | |
| b | Код языка каталог. | rus | ||
| 041 | 0_ | a | Код языка текста | eng |
| 097 | a | Костяева О.Г. | ||
| 100 | 1_ | a | Автор | Arzumanyan G. |
| c | Титул (звания) | кандидат физико-математических наук | ||
| g | Прочие сведения | РИНЦ AuthorID: 97170 (http://elibrary.ru/author_profile.asp?id= 97170); Scopus Author ID: 6506990999 (https://www.scopus.com/authid/detail.uri?origin=resultslist&authorId=6506990999&zone=) | ||
| i | 100093087 | |||
| k | Кафедра нанотехнологий и новых материалов; Факультет естественных и инженерных наук | |||
| q | Полное имя | Арзуманян Григорий Макичевич | ||
| u | Дополнение | Арзуманян Г. М.; Arzumanyan Grigory M. | ||
| j | Принадлежность неизвестного автора к последователям, ученикам, сторонникам, школе и т. д. | государственный университет "Дубна" | ||
| 100 | 1_ | a | Автор | Gur'ev A. S. |
| 100 | 1_ | a | Автор | Kravtsunova D. E. |
| 100 | 1_ | a | Автор | Mamatkulov K. Z. |
| 100 | 1_ | a | Автор | Marchenko A. S. |
| j | Принадлежность неизвестного автора к последователям, ученикам, сторонникам, школе и т. д. | государственный университет "Дубна" | ||
| 245 | 10 | a | Заглавие | Micro Raman spectroscopy for NETosis detection |
| 513 | a | передано на оплату | ||
| b | 2019 не учтенное ранее | |||
| 773 | 18 | t | Название источника | Journal of Raman Spectroscopy |
| b | Сведения об издании | John Wiley & Sons Ltd. | ||
| c | Великобритания | |||
| d | Место и дата издания | 2020 | ||
| m | Специф. данные | входит в Scopus; входит в WoS; входит в ядро РИНЦ | ||
| x | ISSN | 0377-0486 | ||
| q | Q2 | |||
| o | Прочие индексы | wos 2.809; scopus 2.78 | ||
| g | Прочая информация | V. 51. - № 10. - С. 1960 - 1969 | ||
| w | Контрольный № источника | 15285927e0e54d6388484d201cfbbfd5 | ||
| 901 | t | Тип документа | b | |
| 952 | c | Вид литературы | статья в журнале |